Catálogo

Cirugía 1 : (Registro nro. 33280)

Detalles MARC
000 -LEADER
fixed length control field 01003nam a2200301 i 4500
001 - CONTROL NUMBER
control field 33280
003 - CONTROL NUMBER IDENTIFIER
control field Mx-PuUPA
005 - DATE AND TIME OF LATEST TRANSACTION
control field 20220302080744.0
008 - FIXED-LENGTH DATA ELEMENTS--GENERAL INFORMATION
fixed length control field 140415s2017 mx a r 000 0 spa d
020 ## - INTERNATIONAL STANDARD BOOK NUMBER
International Standard Book Number 9786071514110
040 ## - CATALOGING SOURCE
Original cataloging agency MX-PuUPA
Language of cataloging spa
Description conventions rda
Transcribing agency Mx-PuUPA
Modifying agency Mx-PuUPA
041 0# - LANGUAGE CODE
Language code of text/sound track or separate title spa
100 1# - MAIN ENTRY--PERSONAL NAME
Personal name Archundia García, Abel,
Relator term autor
9 (RLIN) 1554
245 10 - TITLE STATEMENT
Title Cirugía 1 :
Remainder of title educación quirúrgica /
Statement of responsibility, etc. Abel Archudia García
250 ## - EDITION STATEMENT
Edition statement Sexta edición
264 #1 - PRODUCTION, PUBLICATION, DISTRIBUTION, MANUFACTURE, AND COPYRIGHT NOTICE
Place of production, publication, distribution, manufacture México, D. F. :
Name of producer, publisher, distributor, manufacturer McGraw-Hill Interamericana Editores,
Date of production, publication, distribution, manufacture, or copyright notice ©2017
300 ## - PHYSICAL DESCRIPTION
Extent 458 páginas :
Other physical details ilustraciones ;
Dimensions 27 cm.
336 ## - CONTENT TYPE
Content type term texto
Fuente rdacontent
Content type code txt
337 ## - MEDIA TYPE
Media type term sin medio
Source rdamedia
Media type code n
338 ## - CARRIER TYPE
Carrier type term volumen
Source rdacarrier
Carrier type code nc
650 #4 - SUBJECT ADDED ENTRY--TOPICAL TERM
Topical term or geographic name entry element Cirugía
700 1# - ADDED ENTRY--PERSONAL NAME
Personal name Archundia García, Abel,
Relator term autor
9 (RLIN) 1554
700 1# - ADDED ENTRY--PERSONAL NAME
Personal name Rivero Serrano, Octavio,
Relator term autor
9 (RLIN) 10639
942 ## - ADDED ENTRY ELEMENTS (KOHA)
Source of classification or shelving scheme Dewey Decimal Classification
Koha item type Libro
Classification part 617
Item part A668
Existencias
Withdrawn status Lost status Source of classification or shelving scheme Damaged status Not for loan Collection code Home library Current library Shelving location Date acquired Source of acquisition Total Checkouts Full call number Barcode Date last seen Date last checked out Price effective from Koha item type Copy number Cost, normal purchase price Total Renewals Cost, replacement price
    Dewey Decimal Classification     General Biblioteca Karol Wojtyla Biblioteca Karol Wojtyla Sala general 09/10/2017 Compra 1 617 A668 2017 98318 02/03/2026 05/03/2024 11/10/2017 Reserva permanente        
    Dewey Decimal Classification     General Biblioteca Karol Wojtyla Biblioteca Karol Wojtyla Sala general 26/02/2018 Compra 2 617 A668 2017 48401 24/03/2026 29/10/2024 26/02/2018 Reserva permanente Ej.3      
    Dewey Decimal Classification     General Biblioteca Karol Wojtyla Biblioteca Karol Wojtyla Sala general 28/08/2024 12 34 617 A668 2017 100273 18/03/2026 28/01/2026 28/08/2024 Libro Ej.2 899.00 8 899.00